| 000 | 01888nam a2200445 a 4500 | ||
|---|---|---|---|
| 005 | 20191224041542.0 | ||
| 008 | 150902b1994 spa||||| |||| 00| 0 spa d | ||
| 020 | _a8400074068 | ||
| 040 |
_aCO-BoIAVH _cCO-BoIAVH |
||
| 041 | 0 | _aspa | |
| 044 | _asp | ||
| 082 | 0 | 4 |
_a570.068 _bB27m |
| 090 |
_aLB _b00769 |
||
| 100 | 1 | _aBarreiro Rodríguez, Josefina | |
| 245 | 1 |
_aManual de catalogación y gestión de las colecciones científicas de historia natural / _cJosefína Barreiro Rodríguez, José Enrique González Fernández y Isabel Rey Farile. |
|
| 260 |
_aMadrid: _bMuseo Nacional de Ciencias Naturales. Consejo Superior de Investigaciones Científicas, _c1994. |
||
| 300 |
_a238 páginas _c28 cm. |
||
| 490 | _aManuales técnicos de museología | ||
| 500 | _aIncluye anexos. | ||
| 504 | _aIncluye referencias bibliográficas. | ||
| 505 | 0 | _aLas colecciones de vertebrados: uso y gestión. La gestión y manejo de las colecciones de invertebrados no insectos. Uso y gestión de colecciones entomológicas. Organización y gestión de fondos paleontológicos. Ordenación de los minerales del Museo Nacional de Ciencias Naturales | |
| 650 | 6 | _aHistoria natural | |
| 650 | 4 |
_aColecciones biológicas _vCatalogación |
|
| 650 | 4 | _aManual del usuario | |
| 650 | 4 | _aLegislación | |
| 650 | 6 | _aPaleontología | |
| 650 | 6 | _aEntomología | |
| 650 | 6 | _aVertebrados | |
| 650 | 6 | _aMinerales | |
| 662 | _aEspaña | ||
| 700 | 1 | _aBarreiro Rodríguez, Josefina | |
| 700 | 1 | _aSanchíz, Borja | |
| 700 | 1 | _aGonzález Fernández, José Enrique | |
| 700 | 1 | _aRey Fraile, Isabel | |
| 700 | 1 | _aSoriano Hermano, Oscar | |
| 700 | 1 | _aIzquierdo Moya, Isabel | |
| 700 | 1 | _aDieguez Jiménez, Carmen | |
| 700 | 1 | _aGarcía Guinea, Javier | |
| 942 |
_cLIBRO _2ddc _02 |
||
| 999 |
_c783 _d783 |
||